Harry Potter Trivia - Easy Edition - Statistics

General Stats
  • This quiz has been taken 84 times
  • The average score is 15 of 20
Answer Stats
Questions: Answers: % Correct
What’s the name of Hagrid's three headed dog? Fluffy
93%
What is the name of Gerorge Weasley’s twin? Fred
93%
What is the school Harry attends called? Hogwarts
93%
What’s the name of Harry’s cousin? Dudley
92%
What means of transportation does the students take to get to their school? Train
92%
Which of Voldemort's horcruxes was destroyed first? Diary
90%
Who killed Albus Dumbledore? Severus Snape
90%
Who destroyed Voldemort's last horcrux? Neville Longbottom
89%
Who was captured in the chamber of secrets? Ginny Weasly
87%
What beast lived inside the Chamber of Secrets? Basilisk
86%
What country is Harry Potter taking place in? United Kingdom
86%
What is the male equivalent of a witch? Wizard
85%
Spell used to fend of dementors: Expecto Patronum
76%
Witch school did Viktor Krum attend? Durmstrang
75%
What is the name of Dumbledore's Phoenix? Fawkes
70%
Spell used by Ron to knock out a troll: Wingardium Leviosa
56%
What’s the original name of Witherwings? Buckbeak
49%
What’s the name of the network of travel between fireplaces? Floo Network
49%
Magical artifact able to turn any metal into gold: Philosopher's Stone
44%
What giant animal lives in the Great Lake? Octopus
34%
No matching quizzes found
Score Distribution
Percent of People with Each Score
Percentile by Number Answered
Your Score History
You have not taken this quiz